Der biblische Gottesgedanke im Zeitalter von Scholastik und Gotik

Saved in:  
Bibliographic Details
Main Author: Wirsching, Johannes 1929-2004 (Author)
Format: Print Article
Language:German
Check availability: HBZ Gateway
Interlibrary Loan:Interlibrary Loan for the Fachinformationsdienste (Specialized Information Services in Germany)
Published: 2002
In: Wortlaute
Year: 2002, Pages: 195-234
Standardized Subjects / Keyword chains:B Idea of God / Bible / Scholasticism / Gothic
IxTheo Classification:CE Christian art
HA Bible
KAC Church history 500-1500; Middle Ages
NBC Doctrine of God
Further subjects:B Bible
B Scholasticism
B Idea of God
B Gothic

MARC

LEADER 00000caa a22000002c 4500
001 1444083791
003 DE-627
005 20220613145246.0
007 tu
008 121112s2002 xx ||||| 00| ||ger c
035 |a (DE-627)1444083791 
035 |a (DE-576)374083797 
035 |a (DE-599)BSZ374083797 
040 |a DE-627  |b ger  |c DE-627  |e rakwb 
041 |a ger 
084 |a 1  |2 ssgn 
100 1 |0 (DE-588)11923470X  |0 (DE-627)080035183  |0 (DE-576)211729345  |4 aut  |a Wirsching, Johannes  |d 1929-2004 
109 |a Wirsching, Johannes 1929-2004  |a Wirsching, Johannes R. 1929-2004 
245 1 4 |a Der biblische Gottesgedanke im Zeitalter von Scholastik und Gotik  |c Johannes Wirsching 
264 1 |c 2002 
336 |a Text  |b txt  |2 rdacontent 
337 |a ohne Hilfsmittel zu benutzen  |b n  |2 rdamedia 
338 |a Band  |b nc  |2 rdacarrier 
601 |a Zeitalter 
630 0 4 |a Bibel 
650 4 |a Scholastik 
650 4 |a Gotik 
650 4 |a Gottesvorstellung 
652 |a CE:HA:KAC:NBC 
689 0 0 |d s  |0 (DE-588)4125333-4  |0 (DE-627)105741027  |0 (DE-576)209575727  |2 gnd  |a Gottesvorstellung 
689 0 1 |d u  |0 (DE-588)4006406-2  |0 (DE-627)106377604  |0 (DE-576)208865497  |a Bibel  |2 gnd 
689 0 2 |d s  |0 (DE-588)4053169-7  |0 (DE-627)104616814  |0 (DE-576)209102381  |2 gnd  |a Scholastik 
689 0 3 |d s  |0 (DE-588)4021656-1  |0 (DE-627)104732164  |0 (DE-576)208939210  |2 gnd  |a Gotik 
689 0 |5 (DE-627) 
773 0 8 |i In  |t Wortlaute  |d Groß Oesingen : Verl. der Lutherischen Buchh. Harms, 2002  |g (2002), Seite 195-234  |h 459 S  |w (DE-627)342431668  |w (DE-576)103966005  |7 nnam 
773 1 8 |g year:2002  |g pages:195-234 
935 |a mteo 
951 |a AR 
BIB |a 1 
ELC |b 1 
ITA |a 1  |t 1 
LOK |0 000 xxxxxcx a22 zn 4500 
LOK |0 001 2915886741 
LOK |0 003 DE-627 
LOK |0 004 1444083791 
LOK |0 005 20160405144554 
LOK |0 008 160404||||||||||||||||ger||||||| 
LOK |0 040   |a DE-Tue135  |c DE-627  |d DE-Tue135 
LOK |0 092   |o n 
LOK |0 852   |a DE-Tue135 
LOK |0 852 1  |9 00 
LOK |0 935   |a ixfe  |a ixmi 
LOK |0 936ln  |0 1442051507  |a NBC 
LOK |0 936ln  |0 144204408X  |a HA 
LOK |0 936ln  |0 1442044330  |a KAC 
LOK |0 936ln  |0 1442043881  |a CE 
LOK |0 939   |a 04-04-16  |b l01 
ORI |a SA-MARC-ixtheoa001.raw 
STA 0 0 |a Bible,Gothic,Idea of God,God,God,God,Scholasticism 
STB 0 0 |a Art gothique,Image de Dieu,Idée de Dieu,Scolastique 
STC 0 0 |a Concepto de Dios,Concepto de Dios,Escolástica,Período,Estilo gótico,Estilo gótico 
STD 0 0 |a Arte gotica,Immagine di Dio,Immagine di Dio,Scolastica 
STE 0 0 |a 哥德式艺术,哥特式艺术,神的概念,上帝的概念,经院哲学,士林哲学 
STF 0 0 |a 哥德式藝術,哥特式藝術,神的概念,上帝的概念,經院哲學,士林哲學 
STG 0 0 |a Conceito de Deus,Conceito de Deus,Escolástica,Período,Estilo gótico,Estilo gótico 
STH 0 0 |a Готика (искусство),Представление Бога (мотив),Представление Бога,Схоластика 
STI 0 0 |a Γοτθική τέχνη,Εικόνα του Θεού (μοτίβο),Εικόνα του Θεού,Σχολαστικισμός 
SUB |a BIB 
SYD 0 0 |a Bible for Today's Family,Contemporary English version bible,CEV,New International Reader's,NIrV,NIV,N.I.V.,New International Version Bible,English Standard Version,ESV,ESV Bible,Holy Bible, English Standard Version,Schlachter-Bibel,Schlachterbibel,Bibel,Handschrift,Arras,Bibliothèque Municipale,Ms. 559,Saint-Vaast Bible,Vatopediu,Athos, Bibliothek,Cod. 1582,Bibbia di Ripoll,Ripoll Bibel,La bible nouvellement translatée avec annotations,Bibel,Althochdeutsch,Glosse,Basel,Universitätsbibliothek,Cod. N I 3 Nr. 97a,Bibelglossatur M,Basel,Universitätsbibliothek,Cod. N I 3 Nr. 97a,Bibel,Handschrift,Breslau,Universitätsbibliothek,Ms. M 1106,Bibel,Bibel,Bibel,Bibel,Bibel,Bibel,Bibel in gerechter Sprache,Itala,Bibel,Bibel,Bibel,Bibel,King James Version,Authorized Version,Authorised Version,KJV,KJB,King James Bible,King-James-Bibel,Zwingli-Bibel,Zwinglibibel,Zürcher Bibelübersetzung,Bibel,Neues Testament,Lutherbibel,Luther-Bibel,Biblia, das ist, die gantze heilige Schrifft Deudsch,Zürcher Bibel,Einheitsübersetzung,Einheitsübersetzung der Heiligen Schrift,Biblia,Heilige Schrift,Bible,Die Bibel,Die Heilige Schrift,La Sainte Bible,La Soncha Scrittüra,Biblia Sacra,La Bible,The Holy Bible,Sveto pismo Staroga i Novoga zaveta,Biblia święta,Biblí svatá,Biblija,La Sacra Bibbia,La Santa Biblia,Die Heiligen Schriften des Alten und Neuen Bundes,Die Heiligen Schriften,Die gantze Heilige Schrifft Deudsch,Die ganze Heilige Schrifft,Kitāb-i muqaddas,al- Kitab al-muqaddas,Seisho,Müqäddäs kitab,Beibel,Bībele 
SYE 0 0 |a Hochscholastik , Frühgotik,Spätgotik,Trecento,Gotische Kunst , Gottesbegriff,Gottesgedanke,Gottesidee,Gotteskonzept,Gottesbild,Götterbild,Gott 
SYG 0 0 |a Gottesbegriff,Gottesgedanke,Gottesidee,Gotteskonzept,Gottesbild,Götterbild,Gott , Bible for Today's Family,Contemporary English version bible,CEV,New International Reader's,NIrV,NIV,N.I.V.,New International Version Bible,English Standard Version,ESV,ESV Bible,Holy Bible, English Standard Version,Schlachter-Bibel,Schlachterbibel,Bibel,Handschrift,Arras,Bibliothèque Municipale,Ms. 559,Saint-Vaast Bible,Vatopediu,Athos, Bibliothek,Cod. 1582,Bibbia di Ripoll,Ripoll Bibel,La bible nouvellement translatée avec annotations,Bibel,Althochdeutsch,Glosse,Basel,Universitätsbibliothek,Cod. N I 3 Nr. 97a,Bibelglossatur M,Basel,Universitätsbibliothek,Cod. N I 3 Nr. 97a,Bibel,Handschrift,Breslau,Universitätsbibliothek,Ms. M 1106,Bibel,Bibel,Bibel,Bibel,Bibel,Bibel,Bibel in gerechter Sprache,Itala,Bibel,Bibel,Bibel,Bibel,King James Version,Authorized Version,Authorised Version,KJV,KJB,King James Bible,King-James-Bibel,Zwingli-Bibel,Zwinglibibel,Zürcher Bibelübersetzung,Bibel,Neues Testament,Lutherbibel,Luther-Bibel,Biblia, das ist, die gantze heilige Schrifft Deudsch,Zürcher Bibel,Einheitsübersetzung,Einheitsübersetzung der Heiligen Schrift,Biblia,Heilige Schrift,Bible,Die Bibel,Die Heilige Schrift,La Sainte Bible,La Soncha Scrittüra,Biblia Sacra,La Bible,The Holy Bible,Sveto pismo Staroga i Novoga zaveta,Biblia święta,Biblí svatá,Biblija,La Sacra Bibbia,La Santa Biblia,Die Heiligen Schriften des Alten und Neuen Bundes,Die Heiligen Schriften,Die gantze Heilige Schrifft Deudsch,Die ganze Heilige Schrifft,Kitāb-i muqaddas,al- Kitab al-muqaddas,Seisho,Müqäddäs kitab,Beibel,Bībele , Hochscholastik , Frühgotik,Spätgotik,Trecento,Gotische Kunst 
TIM |a 100011500101_100015201231  |b Gotik 1150-1520